000 00657nam a2200217Ia 4500
008 160517s9999 xx 000 0 und d
050 _aBF 698.4
050 _b.L151 2016
100 _aLa Cuesta. Elaine P.
245 _aPersonality types and moral foundations of college students in the selected institution of higher learning in the South /
245 _cElaine P. La Cuesta.
260 _aLas PiƱas, Philippines :
260 _bSISC,
260 _c2016.
300 _a89 pages :
300 _billustrations ;
300 _c28 cm.
500 _aIncludes bibliographical references and appendices.
521 _aPsychology
942 _cTH
999 _c293996
_d293996